01668cam a22004094i 4500003000900000005001700009008004100026035002000067040003300087100003600120245015600156264001000312300002100322336002100343337002500364338002300389502005800412504002400470520054400494526001001038526001001048526000901058526000901067526000901076526000901085526000901094526000901103526000901112526000801121526000801129526000801137526000801145526000801153650003101161650002201192700004401214PE-LiUPU20250731165411.0151021s1999 pe a grm 000 0 spa d a(Sirsi) a155029 aPE-LiUPUbspacPE-LiUPUerda1 aPalomino Choque, Lucíaeautor1 aOpiniones sobre maltrato del menor expresadas por niños de 9 a 12 años del C.E.N, " Reino de España", Barranco, 1999 /cLucía Palomino Choque. 0c1999. a45 hojas c30 cm atext2rdacontent aunmediated2rdamedia avolume2rdacarrier aTesisb(Lic.) -- cUniversidad Peruana Unión,d199. aIncluye referencias3 aEl presente estudio de investigación tuvo como objetivo principal determinar las opiniones que expresan los niños de 9-12 años respecto al maltrato del menor. C.E.N. Reino de España-Barranco 1999. El tipo de estudio es una investigación descriptiva, transversal en el que se encuesto a una población de 82 escolares. Los resultados encontrados fueron los siguientes: Los menores experimentan agresión física en un 29,3 por ciento, agresión social en un 30,5 por ciento y la agresión psico-emocional en un 39 por ciento. aSEG44 aSEG26 aP151 aP150 aP149 aP146 aP145 aP126 aP125 aP92 aP75 aP74 aP27 aP1504aNiñosxAbuso del niño.04aAbuso del niño.1 aVelásquez Martínez, Patriciaeautor